[Event "Anapa op"]
[Site "Anapa"]
[Date "2009.09.02"]
[Round "3"]
[White "Karamanov, Dmitry"]
[Black "Grigorieva, Daria"]
[Result "1-0"]
[WhiteElo "2199"]
[BlackElo "1951"]
[PlyCount "113"]
[EventDate "2009.08.31"]
[EventType "swiss"]
[EventRounds "9"]
[EventCountry "RUS"]
[SourceTitle "CBM 132 Extra"]
[Source "ChessBase"]
[SourceDate "2009.11.03"]
[SourceVersion "1"]
[SourceVersionDate "2009.11.03"]
[SourceQuality "1"]

1. d4 d5 2. c4 e6 3. Nc3 Nf6 4. Bg5 c6 5. e3 Nbd7 6. Nf3 Be7 7. Qc2 0-0 8. Rd1 b6 9. Bd3 Bb7 10. 0-0 h6 11. Bh4 Rc8 12. Qe2 c5 13. cxd5 Nxd5 14. Bg3 cxd4 15. Nxd5 Bxd5 16. Nxd4 Nc5 17. Bb1 Bf6 18. Rfe1 Bxd4 19. Rxd4 Qf6 20. b4 Na4 21. Qd3 g6 22. e4 Nb2 23. Qe3 Nc4 24. Qc3 Ne5 25. Qa1 Nc6 26. e5 Qe7 27. Rh4 Nxb4 28. Qb2 Rc4 29. Rxc4 Bxc4 30. Qc1 Bxa2 31. Bxa2 Nxa2 32. Qxh6 Rc8 33. Bh4 Qf8 34. Qe3 Nb4 35. Bf6 Nd5 36. Qg5 Rc5 37. Rd1 Nxf6 38. Qxf6 Rc8 39. h4 Qg7 40. Qg5 a5 41. Rd3 Rc5 42. Rd8+ Kh7 43. f4 Rd5 44. Rb8 b5 45. h5 a4 46. hxg6+ Qxg6 47. Qh4+ Qh6 48. Rh8+ Kxh8 49. Qxh6+ Kg8 50. f5 exf5 51. e6 a3 52. Qg5+ Kh7 53. Qh5+ Kg7 54. Qxf7+ Kh6 55. e7 a2 56. Qf6+ Kh7 57. Qa1 1-0